000 01009nam a2200265 a 4500
001 BRCA_8362
005 20190320210241.0
008 290714s1800----fr-ae##f##---#000-0#fre-#
041 _afre
044 _afr
050 4 _aDC729
_b.M3 1705
100 1 _aMare, Nicolas de la
_d1639-1723
_920947
245 1 0 _aLutece ou premier plan de Ville de Paris.
_btiré de Cesar de Strabon, de l´Emperador Julien et d´Amian Marcelin
_cNicolas de la Mare, cartographe et Antoine Coquart, graveur.
260 _aParis
_bSuis de la Curi
_c[1705]
300 _a1 v. (sin paginación)
_bil., 47 láminas, planos
_c29 cm.
500 _aEn lomo: PAR DEIS-3513 (invertido el número) SUIS DE LA CURI
500 _aEstado físico: lomo y tapas rotas del lado de la cofia
500 _aR99
650 1 4 _aArquitectura y urbanismo
_zParis, Francia
_920948
651 4 _aParis
_vCartografía
_920949
651 4 _aParis
_xHistoria
_ySiglo XVI
_920950
700 1 _aCoquart, Antoine
_eil.
_920951
902 _aGFM
942 _2lcc
_cB
999 _c8030
_d8030